Score 0/44 Timer 06:00
0 Plays Today
Clue Word % Correct
Not what, where, who or whyWHEN
93.7%
'____ there, done that'BEEN
91.8%
Prepare food for swallowingCHEW
89.7%
Equivalent to 2.54 centimetersINCH
89.5%
Home for hensCOOP
89.4%
My Country 'Tis of ____THEE
89.1%
A little scratch may soothe itITCH
87.6%
Home for horses and heifersBARN
86.1%
Exclamation when having a little fun?WHEE
85.9%
Dinnertime pork portionCHOP
85.9%
Cereal froot shapeLOOP
85.6%
Fountain pen fillersINKS
84.4%
Combines numbers into totalsADDS
83.7%
HelpsAIDS
83.6%
The Swiss Federal Palace is in this UNESCO Heritage CityBERN
83.3%
Abbreviations following many US company namesINCS
83.3%
To engrave a design by eating into a hard surfaceETCH
83%
Trash receptaclesBINS
82.4%
Yun-Fat of 'Crouching Tiger, Hidden Dragon'CHOW
82.3%
At that timeTHEN
81.7%
eBay entriesBIDS
81.3%
Bird on the Canadian dollar coinLOON
80.3%
Clue Word % Correct
For every individual memberEACH
79.6%
Name on Woody's sole in 'Toy Story'ANDY
78.9%
Garment for a monk, or for Hugh HefnerROBE
77.6%
Pac-Man ghost, along with Pinky, Blinky and ClydeINKY
77.3%
Nickname for Prof. Jones of 'Raiders of the Lost Ark'INDY
76.5%
Person who thinks they know it allTEEN
76.3%
Animal on the Sri Lankan flagLION
76.2%
An old way of saying muscular strengthTHEW
75.3%
Beatles advice to Loretta Modern - Get ____BACK
74%
Weimaraner warningBARK
73.8%
Beatles advice on classical Music? Get ____BACH
71.5%
Tough situationBIND
71.4%
Actor Mark of 'The Full Monty' and 'Still Standing'ADDY
71.4%
Vienna, to a VienneseWIEN
71.2%
Legal claim on propertyLIEN
70.9%
Singer of epic or heroic poemsBARD
69.5%
Sentence unitWORD
69.4%
Teal or goslingBIRD
68.5%
Dick Grayson's relationship to Bruce WayneWARD
66.6%
Senior advisor to George W Bush, Karl ____ROVE
57.6%
Ate away atWORE
56.9%
Twisted and turned while avoiding othersWOVE
48.4%

Today's Daily Dose

Missing Word
I Hardly Know Her!

Word Ladder
Sentence Ending

Quick Pick
Female Firsts

Get the Picture
Triathlon Sports

Remove Ads.
Support Sporcle.
Get the best of Sporcle when you Go Orange. This ad-free experience offers more features, more stats, and more fun while also helping to support Sporcle. Thank you for becoming a member.

You're not logged in!

Compare scores with friends on all Sporcle quizzes.
OR
Log In

Show Comments

Extras

Top Quizzes Today


Score Distribution

Your Account Isn't Verified!

In order to create a playlist on Sporcle, you need to verify the email address you used during registration. Go to your Sporcle Settings to finish the process.

Report this User

Report this user for behavior that violates our Community Guidelines.

Details: